Deník farářky /
Zápisy farářky o její službě Církvi československé husitské, které se odvíjejí v rytmu církevního roku a zprostředkovávají její zážitky od bohoslužeb až po setkání s papežem Františkem.
Uloženo v:
| Hlavní autor: | |
|---|---|
| Médium: | E-kniha |
| Jazyk: | Czech |
| Vydáno: |
Praha :
Mladá fronta,
2021
|
| Vydání: | Vydání první |
| Témata: | |
| Tagy: |
Žádné tagy |
| LEADER | 03966nam a2200949 i 4500 | ||
|---|---|---|---|
| 001 | 311403 | ||
| 003 | CZ PrSKC | ||
| 005 | 20260601215704.0 | ||
| 007 | ta | ||
| 008 | 210913s2021 xr ac e 000 0acze | ||
| 015 | |a cnb003351651 | ||
| 020 | |a 9788020457622 |q (vázáno) : |c Kč 399,00 | ||
| 035 | |a (OCoLC)1288051559 | ||
| 035 | |a (OCoLC)1291382889 | ||
| 040 | |a BOA001 |b cze |e rda | ||
| 043 | |a e-xr--- | ||
| 045 | |a y1y2 | ||
| 072 | 7 | |a 27 |x Křesťanství. Křesťanská církev všeobecně. Eklesiologie |2 Konspekt | |
| 072 | 7 | |a 929 |x Biografie |2 Konspekt | |
| 080 | |a 27-726.3-055.2 |2 MRF | ||
| 080 | |a 271/279 |2 MRF | ||
| 080 | |a 27-733 |2 MRF | ||
| 080 | |a 27-46 |2 MRF | ||
| 080 | |a 910.4 |2 MRF | ||
| 080 | |a 316.64 |2 MRF | ||
| 080 | |a 279.228-528 |2 MRF | ||
| 080 | |a 27-564 |2 MRF | ||
| 080 | |a 27-4 |2 MRF | ||
| 080 | |a 27-675 |2 MRF | ||
| 080 | |a 316.728 |2 MRF | ||
| 080 | |a 929 |2 MRF | ||
| 080 | |a (437.3) |2 MRF | ||
| 080 | |a (100) |2 MRF | ||
| 080 | |a (093.3) |2 MRF | ||
| 080 | |a (0.034.2)004.774.6 |2 MRF | ||
| 080 | |a (0:82-4) |2 MRF | ||
| 100 | 1 | |a Kopecká, Martina Viktorie, |d 1986- |7 mzk2015896104 |4 aut | |
| 245 | 1 | 0 | |a Deník farářky / |c Martina Viktorie Kopecká |
| 250 | |a Vydání první | ||
| 264 | 1 | |a Praha : |b Mladá fronta, |c 2021 | |
| 300 | |a 262 stran : |b ilustrace (některé barevné), portréty ; |c 21 cm | ||
| 336 | |a text |b txt |2 rdacontent | ||
| 337 | |a bez média |b n |2 rdamedia | ||
| 338 | |a svazek |b nc |2 rdacarrier | ||
| 520 | 2 | |a Zápisy farářky o její službě Církvi československé husitské, které se odvíjejí v rytmu církevního roku a zprostředkovávají její zážitky od bohoslužeb až po setkání s papežem Františkem. | |
| 600 | 1 | 7 | |a Kopecká, Martina Viktorie, |d 1986- |7 mzk2015896104 |2 czenas |
| 610 | 2 | 7 | |a Církev československá husitská |7 kn20010710457 |2 czenas |
| 648 | 7 | |a 21. století |7 ch460559 |2 czenas | |
| 648 | 4 | |a 2019-2021 | |
| 650 | 0 | 7 | |a farářky |7 ph305412 |z Česko |y 21. století |2 czenas |
| 650 | 0 | 7 | |a křesťanské církve |7 ph122117 |z Česko |y 21. století |2 czenas |
| 650 | 0 | 7 | |a služby v církvi |7 ph119301 |z Česko |y 21. století |2 czenas |
| 650 | 0 | 7 | |a pastorace |7 ph123988 |z Česko |y 21. století |2 czenas |
| 650 | 0 | 7 | |a cesty a pobyt |7 ph137578 |z země světa |2 czenas |
| 650 | 0 | 7 | |a názory a postoje |7 ph137634 |2 czenas |
| 650 | 0 | 7 | |a husitská liturgie |7 ph335401 |z Česko |y 21. století |2 czenas |
| 650 | 0 | 7 | |a církevní rok |7 ph114290 |2 czenas |
| 650 | 0 | 7 | |a církevní život |7 ph119306 |z Česko |y 21. století |2 czenas |
| 650 | 0 | 7 | |a ekumenismus |7 ph119842 |y 21. století |2 czenas |
| 650 | 0 | 7 | |a každodenní život |7 ph121555 |y 21. století |2 czenas |
| 650 | 0 | 9 | |a women priests |z Czechia |y 21st century |2 eczenas |
| 650 | 0 | 9 | |a Christian churches |z Czechia |y 21st century |2 eczenas |
| 650 | 0 | 9 | |a church‘s ministries |z Czechia |y 21st century |2 eczenas |
| 650 | 0 | 9 | |a pastoral care |z Czechia |y 21st century |2 eczenas |
| 650 | 0 | 9 | |a travels and stays |z countries of the world |2 eczenas |
| 650 | 0 | 9 | |a views and attitudes |2 eczenas |
| 650 | 0 | 9 | |a Hussite liturgy |z Czechia |y 21st century |2 eczenas |
| 650 | 0 | 9 | |a church year |2 eczenas |
| 650 | 0 | 9 | |a church life |z Czechia |y 21st century |2 eczenas |
| 650 | 0 | 9 | |a everyday life |y 21st century |2 eczenas |
| 655 | 7 | |a deníky |7 fd132006 |2 czenas | |
| 655 | 7 | |a blogy |7 fd376279 |2 czenas | |
| 655 | 7 | |a úvahy |7 fd134000 |2 czenas | |
| 655 | 9 | |a diaries |2 eczenas | |
| 655 | 9 | |a blogs |2 eczenas | |
| 655 | 9 | |a essays |2 eczenas | |
| 900 | |a ABA001 |b 19 | ||
| 928 | 9 | |a Albatros Media - Mladá fronta | |
| 044 | |a xr | ||
| 910 | |a RBIT002 | ||
| 998 | |d 334951 |a https://core.palmknihy.cz/api/books/334951/cover?si6owj |b https://core.palmknihy.cz/api/books/334951/cover/400?si6owj |c https://core.palmknihy.cz/api/books/334951/cover/50?si6owj |e 2031-12-31 |g 264 |i 9788020457622 |j https://core.palmknihy.cz/api/books/334951/preview.epub |k https://core.palmknihy.cz/api/books/334951/preview.pdf |l |q 49 |r 1 |s https://www.palmknihy.cz/kniha/334951 |t ebook |y 2021 |z 0 | ||
| 999 | |d 311401 | ||